[Event "EU-ch 8th"]
[Site "Dresden"]
[Date "2007.04.08"]
[Round "6"]
[White "Eljanov, Pavel"]
[Black "Khismatullin, Denis Rimovich"]
[Result "1-0"]
[WhiteElo "2675"]
[BlackElo "2599"]
[Annotator "Ftacnik,L"]
[PlyCount "69"]
[EventDate "2007.04.03"]
[EventType "swiss"]
[EventRounds "11"]
[EventCountry "GER"]
[SourceTitle "CBM 118"]
[Source "ChessBase"]
[SourceDate "2007.05.31"]
[SourceVersion "1"]
[SourceVersionDate "2007.05.31"]
[SourceQuality "1"]

1. d4 Nf6 2. c4 e6 3. Nf3 Bb4+ 4. Nbd2 O-O 5. a3 Be7 6. e4 d5 7. e5 Nfd7 8. b4
a5 9. b5 c5 10. cxd5 exd5 11. Bd3 cxd4 12. Nb3 a4 13. Nbxd4 Nc5 14. Bc2 Bg4 {
The development of the bishop makes a very natural impression. The defender
has to try limiting the initiative of hisopponent.} 15. O-O Nbd7 16. Re1 Nb6
17. h3 Bd7 {Khismatullin very correctly assumes, that without the
light-squared bishop the position would have hardly been sustainable.} (17...
Bxf3 18. Qxf3 Nc4 19. Qg3 $16) 18. Bd2 Nc4 (18... Rc8 19. Nf5 Nc4 (19... Bxb5
20. Ba5 Ncd7 21. Rb1 Bc4 22. Bxb6 Nxb6 23. Rxb6 $18) 20. Nxe7+ Qxe7 21. Bb4
Bxb5 22. Qxd5 Rfd8 23. Qe4 Nxe4 24. Bxe7 Re8 25. Bb4 $16) 19. Bb4 Re8 20. Ne2
$6 {Eljanov was dissatisfied with the balance of forces in the centre. With
the dubious transfer of the knight he tries to magnify the pressure in the
centre and on the kingside.} (20. Nd2 Nb3 21. N2xb3 axb3 22. Bxb3 Bxb4 23. axb4
Rxa1 24. Qxa1 Qg5 25. Bxc4 dxc4 26. Qc3 $14) 20... Bxb5 21. Nf4 Nb3 {The
activity on the queenside is a sign of the second player's youth. The danger
on the other side of the board does not seem for him to merit real attention.}
(21... Bc6 $1 22. Qd4 Ne6 (22... Nb3 23. Qd3 g6 24. Bxe7 Rxe7 25. Bxb3 axb3 26.
Qxb3 f6 $11) 23. Nxe6 fxe6 24. Qd3 g6 25. Rab1 $13) 22. Bxe7 (22. Qd3 g6 23.
Bxb3 axb3 24. Nxd5 Bxb4 25. Nf6+ Kf8 26. Qxd8 Rexd8 $19) 22... Qxe7 $2 {
[%mdl 256] It is not easy to justify this tactical mistake. The defender is
willingly losing the tempo, after the obvious Nxd5 the rook will remain stuck
on the unsuitable square e8.} (22... Rxe7 $1 23. Qd3 g6 24. Bxb3 axb3 25. Nxd5
(25. Qxb3 Bc6 26. Qc3 Ra4 $11) 25... Rd7 26. Rad1 Rxd5 $1 27. Qxd5 Qxd5 28.
Rxd5 Nxa3 29. Rd2 Nc4 $11) 23. Qd3 $1 g6 24. Nxd5 Qc5 (24... Qd8 25. Bxb3 axb3
26. Nf6+ Kh8 27. Qxb3 $18) 25. Bxb3 (25. Nf6+ Kh8 26. Bxb3 axb3 27. Qxb3 Re7
28. Ne4 Qb6 29. Rab1 Nxa3 30. Ra1 $18) 25... Nxe5 {Due to the weakened
kingside, that Khismatullin left without protection, his tactical resistance
is without hope.} (25... Na5 26. Nf6+ Kh8 27. Qd2 Nxb3 28. Qh6 $18) (25... axb3
26. Nf6+ Kh8 27. Qxb3 $16) 26. Nf6+ Kh8 (26... Kf8 27. Qd2 Nxf3+ 28. gxf3 $18)
27. Qd2 (27. Qd5 Nxf3+ 28. Qxf3 Rxe1+ 29. Rxe1 axb3 30. Qxb3 Rf8 (30... Rxa3
31. Qxf7) (30... Kg7 31. Qb2 Qxa3 32. Nh5+ Kh6 33. Qg7+ Kxh5 34. Re5+ f5 35.
g4+ $18) 31. Qb2 $18) 27... Nxf3+ 28. gxf3 Rxe1+ (28... Red8 $2 29. Qh6 $18)
29. Rxe1 Qf5 (29... axb3 30. Qh6 $18) (29... Qf8 30. Bd5 $18) 30. Qd4 $1 axb3
31. Nh5+ f6 32. Nxf6 {The position can serve as a textbook example of the
attacker's success. The light-squared bishop of the defender is completely
useless.} Ra4 (32... Qd3 33. Re7 g5 34. Kh2 b2 35. Qe5 Qg6 36. Nh5+ Kg8 37.
Rg7+ $18) (32... Rf8 33. Ne8+ Rf6 34. Nxf6 $18) (32... Kg7 33. Ng4+ $18) (32...
Qg5+ 33. Ng4+ Kg8 34. Re7 $1 Qxe7 35. Nh6+ Kf8 36. Qh8#) 33. Qd8+ Kg7 34. Qe7+
Kh6 35. Ng8+ 1-0

[Event "FIDE World Cup"]
[Site "Khanty-Mansiysk"]
[Date "2005.11.27"]
[Round "1.1"]
[White "Moiseenko, Alexander"]
[Black "Kuzubov, Yuriy"]
[Result "1-0"]
[WhiteElo "2663"]
[BlackElo "2541"]
[Annotator "Ftacnik,L"]
[PlyCount "63"]
[EventDate "2005.11.27"]
[EventType "k.o."]
[EventRounds "7"]
[EventCountry "RUS"]
[SourceTitle "CBM 111"]
[Source "ChessBase"]
[SourceDate "2006.04.04"]
[SourceVersion "1"]
[SourceVersionDate "2006.04.04"]
[SourceQuality "1"]

1. d4 Nf6 2. c4 e6 3. Nf3 Bb4+ 4. Nbd2 b6 5. a3 Bxd2+ 6. Bxd2 Bb7 7. Bg5 d6 8.
e3 Nbd7 9. Qc2 h6 10. Bh4 Qe7 11. Rd1 O-O {Kuzubov believes in harmonious
development, but without g5 and Ne4 white will be left with dangerous bishops
pair.} (11... g5 12. Bg3 Ne4 13. d5 Ndf6 14. Nd4 e5 15. Ne2 Bc8 16. f3 Nxg3 17.
Nxg3 e4 18. fxe4 Ng4 19. Be2 Ne5 20. O-O g4 21. Rf4 {1-0 Svetushkin,D (2557)
-Hansen,T (2323)/Cappelle la Grande 2006 (53)}) 12. Be2 Rfe8 (12... g5 13. Bg3
Ne4 14. Nd2 f5 15. f3 Nxg3 16. hxg3 Kg7 17. e4 c5 18. dxc5 dxc5 19. Qc3+ Qf6
20. Qxf6+ Nxf6 21. exf5 exf5 22. O-O Nh5 {1/2-1/2 Twardon,M (2345)-Hass,R 
(2305)/Porabka 1986 (31)}) (12... c5 13. O-O Rfd8 14. h3 Rac8 15. dxc5 Nxc5 16.
Nd2 g5 17. Bg3 Nce4 18. Nxe4 Nxe4 19. Bh2 d5 20. Bd3 b5 21. Bxe4 dxe4 22. Rxd8+
Qxd8 23. c5 Qd3 24. Qc1 {1/2-1/2 Rogozenko,D (2490)-Haba,P (2580)/Chemnitz 1997
}) (12... a5 13. b3 Rae8 14. O-O g5 15. Bg3 Ne4 16. Nd2 f5 17. Nxe4 Bxe4 18.
Qc1 e5 19. f3 Bb7 20. Rfe1 Qg7 21. b4 axb4 22. axb4 f4 23. exf4 gxf4 24. Bf2 e4
{0-1 Roeder,M (2435)-Matthias,H (2355)/Germany 1997 (41)}) (12... e5 13. d5
Rfe8 14. Nd2 g5 15. Bg3 Kg7 16. h4 Rh8 17. e4 Nf8 18. h5 Bc8 19. Nf1 N8h7 20.
Ne3 a5 21. b3 Rd8 22. f3 {1-0 Ivanov,M (2418)-Sarveniazi,A/Northeim 2005 (51)})
13. O-O a5 (13... e5 14. d5 Nf8 15. Nd2 Ng6 16. Bxf6 Qxf6 17. Bd3 Nf8 18. f4
exf4 19. Ne4 Qd8 20. exf4 Nd7 21. Ng3 Nf6 22. h3 Bc8 23. Rde1 {1/2-1/2 Aseev,K
(2445)-Kholmov,R (2475)/Klaipeda 1988 (41)}) (13... Nf8 14. b4 Ng6 15. Bxf6
Qxf6 16. c5 Qe7 17. c6 Bc8 18. Bd3 Nf8 19. Nd2 a5 20. e4 e5 21. d5 {1-0
Schlosser,P (2540)-Reeh,O (2430)/Germany 1994 (50)}) 14. Nd2 e5 (14... a4 15.
Bd3 e5 16. d5 $14) 15. Rde1 {The situation has clarified, white will try to
play on the e and f lines.} Nf8 (15... a4 16. f3 $14) 16. d5 Ng6 17. Bg3 (17.
Bxf6 Qxf6 18. Bd3 Nf8 19. f4 exf4 20. Ne4 Qh4 21. exf4 $16) 17... h5 (17... a4
18. Ne4 (18. f4 c6 $1 $11) 18... c6 19. dxc6 Bxc6 20. Nc3 $14) 18. f4 c6 $2 {
Opening of the center is laudable, but black is missing the better timing. The
best defense was probably connected with an advance of the h pawn.} (18... exf4
19. exf4 Qe3+ 20. Bf2 Qxf4 21. Bxb6 $18) (18... h4 $5 19. Bf2 (19. f5 hxg3 20.
fxg6 gxh2+ 21. Kxh2 e4 $11) 19... h3 20. gxh3 e4 (20... exf4 21. exf4 Nxf4 22.
Bg4 Qd8 23. Be3 $14) 21. h4 Nf8 22. h5 N8d7 23. Bh4 $14) 19. f5 Nf8 20. dxc6
Bxc6 21. Bh4 $1 Rac8 (21... d5 $5 22. Bxh5 Rac8 $14) 22. Qb3 (22. Bxf6 Qxf6 23.
Ne4 Qh6 24. Qd3 Bxe4 25. Qxe4 Nd7 $14) (22. Bxh5 d5 23. Be2 (23. Qb3 dxc4 24.
Qxb6 Qd6 25. Bxf6 Qxd2 26. Re2 Qd6 $15) 23... N8d7 24. Rc1 Bb7 $14) 22... N8d7
(22... a4 23. Qb4 N8d7 24. Bxh5 Nc5 25. Rd1 $14) 23. Bxh5 d5 (23... a4 24. Qb4
(24. Qd1 Nc5 25. e4 b5 $13) 24... Nc5 25. Rd1 $14) 24. cxd5 Bxd5 (24... Nc5 25.
Qxb6 Bxd5 26. Qxa5 $18) 25. Qxd5 $1 Nxd5 26. Bxe7 Rxe7 $6 {Despite the loss of
an h5 pawn black was not without prospects for a tough resistance. The better
move 26...Nxe7!? was less disharmonious.} (26... Nxe7 $5 27. Ne4 Nf6 28. Nxf6+
gxf6 29. Bf3 (29. Rd1 Rc2 30. Rf2 (30. Rd6 Rxb2 31. Rxf6 Rd8 $1 $14) 30... Rxf2
31. Kxf2 Nxf5 32. Rd7 $14) 29... Rc2 30. Re2 Rxe2 31. Bxe2 Rd8 32. b3 Rd2 33.
Bc4 Nd5 $14) 27. Bf3 Rc2 (27... N5f6 28. Rc1 Rxc1 29. Rxc1 e4 30. Be2 Re5 31.
g4 $16) 28. Rf2 $1 {Moiseenko will manage to combine the defense of the second
rank with his own plan of attack deep inside the enemy's camp.} N7f6 29. g4 Rd7
30. g5 Ne8 (30... Nc7 31. Nb1 Rxf2 32. Kxf2 Nh7 33. h4 $18) 31. Ne4 Rdc7 32.
Rd1 $1 (32. Rd1 $1 Nxe3 33. Rxc2 Rxc2 (33... Nxc2 34. Rd8 Kf8 35. f6 gxf6 36.
Nxf6 Re7 37. Bc6 $18) 34. Rd8 Kf8 35. f6 Nf5 36. Bg4 Rc1+ 37. Kf2 Rc2+ 38. Kf3
$18) 1-0

[Event "Bad Endbach"]
[Site "Bad Endbach"]
[Date "1995.??.??"]
[Round "?"]
[White "Mikhalevski, Victor"]
[Black "Wahls, Matthias"]
[Result "0-1"]
[WhiteElo "2525"]
[BlackElo "2555"]
[Annotator "Ftacnik,L"]
[PlyCount "120"]
[EventDate "1995.04.??"]
[EventType "tourn"]
[EventRounds "11"]
[EventCountry "GER"]
[EventCategory "11"]
[SourceTitle "CBM 047"]
[Source "ChessBase"]
[SourceDate "1995.08.01"]
[SourceVersion "1"]
[SourceVersionDate "1995.08.01"]
[SourceQuality "1"]

1. d4 Nf6 2. c4 e6 3. Nf3 Bb4+ 4. Nbd2 O-O 5. a3 Be7 6. e4 d5 7. e5 Nfd7 8.
cxd5 exd5 9. b4 a5 10. b5 c5 11. Bd3 cxd4 12. Nb3 (12. Qc2 Kh8 $1 13. Nb3 f6 $2
14. exf6 Bxf6 15. O-O Ne5 16. Nxe5 Bxe5 17. Qe2 $1 Qc7 $6 18. Qh5 g6 19. Bxg6
Bxh2+ 20. Kh1 Rg8 21. b6 Qg7 22. Qxh2 Qxg6 23. Bb2 Nc6 24. Nxd4 {Dautov,
R-Orlov,G/USSR/1988/1-0 (51)}) 12... a4 (12... Qc7 13. Qc2 Qc3+ 14. Bd2 Qxc2
15. Bxc2 f6 16. exf6 Bxf6 17. Nbxd4 Ne5 18. Nxe5 Bxe5 19. Be3 Nd7 20. O-O Nf6
21. a4 Bd7 22. Bb3 Rfc8 23. Rac1 Kf8 24. Rfe1 {Bartels,F-Kahlert,T/Hamburg op 
(9)/1992/0.5 (62)}) 13. Nbxd4 Nc5 14. O-O (14. h3 Nxd3+ 15. Qxd3 Nd7 16. O-O
Nc5 17. Qe3 Qb6 18. Rb1 Bxh3 19. Ng5 (19. gxh3 Qg6+) 19... Bd7 20. Bd2 Qg6 21.
Rfc1 Nd3 22. Rd1 Rac8 23. Ngf3 Rfe8 24. Ba5 {Huss,A-Wahls,M/SWZ-ch (05)/1994/
0-1 (41)}) 14... Nxd3 15. Qxd3 Nd7 16. Nf5 Nc5 17. Nxe7+ Qxe7 18. Qxd5 Nb3 19.
Bg5 Qe6 20. Rad1 Qxd5 21. Rxd5 Be6 22. Rd6 h6 23. Be3 Bc4 24. Re1 Bxb5 25. Nh4
$6 (25. Rb6 Bc6 26. Nd4 Nxd4 27. Bxd4 Rfd8 28. Rb4 $10 {Roeder,M-Wahls,M/
Geneva op (03)/1995/0.5 (31)}) 25... Na5 $1 26. Bc5 Nc4 27. Rd5 Rfd8 28. Rxd8+
(28. Red1 Rxd5 29. Rxd5 Bc6 30. Rd4 Nxe5 $15) 28... Rxd8 29. f4 Rd3 30. Rb1 (
30. Ra1 Bc6 $17) 30... Rb3 31. Rd1 Nxa3 32. Rd8+ Kh7 33. Rf8 (33. Nf5 Nc2 34.
Nd6 a3 35. Bxa3 Nxa3 36. Nxf7 Rb1+ 37. Kf2 Rf1+ 38. Kg3 g5 $17) 33... Bc4 34.
f5 Nc2 35. g4 a3 36. Bxa3 $8 (36. Ra8 a2 $19) 36... Rxa3 37. e6 Bxe6 (37...
fxe6 $5 38. Ng6 exf5 39. gxf5 Ra1+ 40. Kf2 (40. Kg2 Ne3+ 41. Kf3 Nxf5 $19)
40... Rf1+ 41. Kg3 Rxf5 42. Rxf5 Kxg6 $19) 38. fxe6 fxe6 39. Nf3 Ne3 40. h3 (
40. g5 Nf5 41. Kf2 Ra2+ 42. Ke1 Kg6 43. Re8 Kf7 44. Rb8 Rb2 $19) 40... b5 41.
Kf2 b4 42. Rb8 Nd1+ $1 (42... Nd5 43. h4 $17) 43. Ke2 (43. Kg2 b3 44. Nd4 b2
$19) 43... Re3+ 44. Kxd1 Rxf3 45. Rxb4 Rxh3 46. Ke2 (46. Re4 Rh4 47. Ke2 h5 48.
Rxe6 Rxg4 $19) 46... Kg6 47. Kf2 (47. Re4 Kf6 48. Rf4+ Kg5 49. Re4 Rg3 $19)
47... Ra3 48. Rb5 Kf6 49. Rh5 Rd3 50. Ra5 e5 51. Ra7 g6 52. Ra6+ Kg5 53. Re6
Rd4 54. Kf3 (54. Rxe5+ Kxg4 55. Re6 Kf5 $19) 54... Rf4+ (54... Rxg4 55. Rxe5+
Kh4 $19) 55. Ke3 Rxg4 56. Rxe5+ Kh4 57. Kf3 h5 58. Re1 Rg3+ 59. Kf2 g5 60. Re4+
Kh3 0-1

[Event "Sarajevo Bosnia 35th"]
[Site "Sarajevo"]
[Date "2005.05.23"]
[Round "5"]
[White "Sokolov, Ivan"]
[Black "Movsesian, Sergei"]
[Result "0-1"]
[WhiteElo "2662"]
[BlackElo "2628"]
[Annotator "Ftacnik,L"]
[PlyCount "74"]
[EventDate "2005.05.19"]
[EventType "tourn"]
[EventRounds "9"]
[EventCountry "BIH"]
[EventCategory "16"]
[SourceTitle "CBM 108"]
[Source "ChessBase"]
[SourceDate "2005.09.26"]
[SourceVersion "1"]
[SourceVersionDate "2005.09.26"]
[SourceQuality "1"]

1. d4 e6 2. c4 Bb4+ 3. Bd2 a5 4. Nc3 Nf6 5. Nf3 b6 6. Bg5 Bb7 7. e3 h6 8. Bh4
g5 9. Bg3 Ne4 10. Qc2 d6 11. Nd2 {Movsesian certainly plays an ambitious
variation, usually the plan with early Ne4 is used in positions without the
a7-a5 move.} f5 (11... Bxc3 12. bxc3 Nxd2 13. Kxd2 Nd7 14. f3 Qe7 15. Bd3 O-O-O
16. e4 h5 17. h4 Rdg8 18. Rag1 Qf6 19. Kc1 e5 {0-1 Damm,F-Lieb,H/Bad
Woerishofen 2001/ (41)}) 12. f3 (12. Ndxe4 Bxe4 13. Qd2 h5 14. f3 h4 15. Bf2
Bb7 16. a3 $14) 12... Bxc3 13. bxc3 (13. fxe4 Bxd2+ 14. Qxd2 Bxe4 15. Bd3 Bxd3
16. Qxd3 h5 $15) 13... Nxg3 14. hxg3 Qf6 15. e4 (15. Bd3 Nd7 (15... Rg8 16. e4
f4 17. c5 bxc5 18. Qa4+ $14) 16. O-O-O O-O-O $13) 15... f4 16. c5 dxc5 17. e5
$6 {Sokolov is getting carried away by the rosy prospects in his position,
more promissing in retrospect seems to be the line with 17.Bb5+!} (17. Bb5+ $1
Nd7 18. Bxd7+ Kxd7 19. dxc5 bxc5 20. Nc4 $14) 17... Qg7 18. Bb5+ (18. Bd3 fxg3
19. Bg6+ Kd8 20. Be4 Bd5 $13) 18... Nd7 (18... Bc6 19. a4 fxg3 20. Ne4 $14) 19.
Bxd7+ (19. Rb1 Rd8 20. Bd3 Nf8 $11) 19... Kxd7 20. Ne4 Rad8 21. gxf4 $2 {
Serious mistake that in the end effect only opens up the files leading to the
white king.} (21. Nf6+ Kc8 22. dxc5 Rd5 $5 23. Nxd5 Qxe5+ 24. Kf1 Bxd5 25. Qd3
fxg3 $13) 21... gxf4 22. dxc5 Kc8 (22... Qxe5 23. cxb6 Bxe4 24. fxe4 cxb6 25.
Rb1 Kc7 $17) 23. Nf6 (23. cxb6 Bxe4 24. fxe4 cxb6 $17) 23... Ba6 24. c4 (24.
cxb6 cxb6 25. c4 Qc7 26. Qe4 Qxc4 27. Qxc4+ Bxc4 28. Rh4 Rd4 29. Ne4 Rg8 $15) (
24. cxb6 Qg3+ 25. Qf2 Rd2 $3 26. Qxg3 Re2+ 27. Kd1 fxg3 $17) 24... Bxc4 $1 {
The real shocker for white and a very bad sign for his chances. Black is much
better as white playes without castling or piece coordination.} (24... Rd4 25.
cxb6 cxb6 26. O-O Qc7 27. Rfe1 Rhd8 $15) 25. g4 (25. Qxc4 Qxg2 26. Qxe6+ Kb8
27. Qh3 Qd2+ 28. Kf1 Qd3+ 29. Kg1 Qe3+ 30. Kf1 Rd2 31. Rh2 Rhd8 $19) 25... b5 (
25... fxg3 26. Qxc4 $16) 26. Qe4 Bd5 (26... Kb8 27. Qxf4 Qg6 28. Qe4 $11) 27.
Qxf4 (27. Nxd5 Rxd5 28. Rh5 Qf8 $17) 27... Bc6 28. a4 $2 {Out of innertia
white still hopes to get to the black king, but after this move all avenues
will become closed.} (28. Rd1 Qg6 29. Rxd8+ Rxd8 30. Ne4 Bxe4 31. Qxe4 Qg5 32.
Kf2 $13) 28... b4 $1 29. Qc4 Kb7 30. Rb1 (30. Qxe6 Qg5 31. O-O Rd2 32. Rf2 Rxf2
33. Kxf2 Qf4 $19) (30. Rh5 Qg6 31. f4 Rhf8 32. Qe2 (32. f5 exf5 33. Rxf5 h5 34.
Rxh5 Rxf6 35. exf6 Re8+ 36. Kd2 Qxf6 $19) 32... Rd4 33. Qe3 Rd3 34. Qe2 Rfd8
$17) 30... Qg5 31. f4 (31. Qe2 Qf4 32. Rh3 Bxa4 $17) 31... Qg6 32. Ke2 Ka7 33.
Rhd1 $6 {Not a real mistake, but not the toughest move in the sense of best
resistance. Movsesian will now open up access to the white king with the
decisive effect.} (33. Qxe6 $4 Qc2+ $19) (33. Rhg1 Rhf8 (33... Bb7 34. Ke3 h5
35. c6 hxg4 36. Qc5+ Kb8 37. Rgd1 $15) 34. Ke3 Rxf6 35. exf6 e5 36. Rbd1 Rxd1
37. Rxd1 Qxf6 $17) 33... h5 $1 34. f5 (34. Qxe6 Qc2+ 35. Ke1 Qc3+ 36. Kf2 Qf3+
37. Ke1 Qg3+ $19) 34... Qg5 (34... exf5 35. Qe6 Bxa4 36. Rxd8 Rxd8 37. Qxf5
Qxf5 38. gxf5 Bc2 39. Ra1 $17) 35. Rxd8 Rxd8 36. Rd1 Rxd1 37. Kxd1 Qe3 0-1

[Event "World Youth Stars 3rd"]
[Site "Kirishi"]
[Date "2005.05.??"]
[Round "2"]
[White "Lenic, Luka"]
[Black "Kuzubov, Yuriy"]
[Result "0-1"]
[WhiteElo "2465"]
[BlackElo "2558"]
[Annotator "Ftacnik,L"]
[PlyCount "70"]
[EventDate "2005.05.14"]
[EventType "tourn"]
[EventRounds "11"]
[EventCountry "RUS"]
[EventCategory "10"]
[SourceTitle "CBM 107"]
[Source "ChessBase"]
[SourceDate "2005.08.01"]
[SourceVersion "1"]
[SourceVersionDate "2005.08.01"]
[SourceQuality "1"]

1. d4 Nf6 2. c4 e6 3. Nf3 Bb4+ 4. Nbd2 b6 5. a3 Bxd2+ 6. Bxd2 O-O 7. e3 Bb7 8.
Bd3 Ne4 (8... d6 9. O-O Nbd7 10. b4 Qe7 11. Bc3 Ne4 12. Bb2 f5 13. Rc1 Ndf6 14.
Qc2 Kh8 15. d5 $5 exd5 16. Nd4 $14 {Kempinski,R-Rozentalis,E/Augustow 1996}) 9.
Qc2 f5 10. O-O {Even though black's plan of kingside attack is a bit onesided,
it is not easy for white to come up with adequate antidote.} (10. Rd1 d6 11.
Bc1 Nd7 12. O-O Rf6 13. b4 Rg6 14. d5 exd5 15. cxd5 Bxd5 16. Bc4 Bxc4 17. Qxc4+
Kh8 18. Bb2 $44 {Badjarani,I-Magerramzade,D/Baku 1997}) 10... Rf6 11. Ne1 Rh6
12. f4 $6 {[%mdl 32] The downside of this move is a neglecting of e4 square,
black will keep a perfect operational base for his knights.} (12. f3 Qh4 13. h3
(13. fxe4 Qxh2+ 14. Kf2 Qh4+ 15. Ke2 (15. g3 Qh2+ 16. Ng2 Rf6 $19) 15... Qg4+
16. Kf2 fxe4 17. Be2 Qh4+ 18. Kg1 Qh2+ 19. Kf2 Rf6+ $19) 13... Ng5 $5 (13...
Nxd2 14. Qxd2 d6 $11) 14. e4 f4 $15) 12... d6 13. Nf3 Nd7 14. Ng5 (14. Bc3 Qe8
$15) 14... Nxg5 15. fxg5 Rh4 $1 {Kuzubov sees no need for sacrifice of the
exchange, his slightly exotic rook can be useful in the attack.} (15... Qxg5
16. e4 Qf6 17. Bxh6 (17. Be3 Rg6 18. Rf2 Qe7 19. exf5 exf5 20. Re1 Be4 $11)
17... Qxd4+ 18. Kh1 fxe4 19. Be2 gxh6 20. Bg4 Qe5 21. Rae1 Nf6 $132) 16. d5 (
16. g6 $6 hxg6 17. Be1 Rg4 (17... Rh8 $5) 18. Bg3 Qg5 19. Rae1 Nf6 $15) 16...
Qxg5 17. e4 (17. g3 Rg4 18. Be2 Re4 19. Bd3 exd5 20. cxd5 Nc5 21. Bxe4 Nxe4 $15
) 17... f4 (17... Qh5 18. Bf4 fxe4 19. Be2 Qg6 $15) 18. Rxf4 $6 {Rather
desperate strategical solution, black will get a wonderful square e5 for the
knight.} (18. Rf2 e5 19. Raf1 c6 $15) 18... Rxf4 19. g3 e5 20. Kh1 Raf8 (20...
Qg4 21. gxf4 Qf3+ 22. Kg1 Nc5 23. Bf1 Qxe4 24. Qxe4 Nxe4 25. Be3 exf4 26. Bxf4
Rf8 $15) 21. gxf4 exf4 22. Rg1 Qh5 23. Rf1 (23. Bc3 Ne5 24. Qg2 Rf7 $17) 23...
f3 24. Bc3 Bc8 (24... Ne5 25. Bxe5 Qxe5 26. Rf2 Bc8 $17) 25. Qf2 Ne5 {Extra
pawn on f3 is tying down all white's pieces.} 26. Qg3 (26. Bxe5 Qxe5 27. Rg1
Bh3 28. Rg3 Bg2+ 29. Kg1 Rf6 $19) 26... Rf6 27. Bxe5 dxe5 28. Rf2 Bg4 (28...
Bh3 $5 29. Bf1 Bxf1 30. Rxf1 Rf4 31. b3 g5 $19) 29. b4 Rg6 30. Bf1 h6 31. c5 (
31. h3 Bf5 32. Qxe5 Qg5 33. Qh2 Bxe4 $19) 31... bxc5 32. bxc5 Bf5 $1 {The
final combination is quite impressive, white will not be able to hold his
defensive set up.} 33. Qxe5 (33. Qxf3 Qxf3+ 34. Rxf3 Bxe4 $19) 33... Qg5 34.
Qg3 Qe3 35. Qh4 Rg4 (35... Rg4 36. Qd8+ Kh7 $19) 0-1

[Event "Interzonal-14c"]
[Site "Zagreb"]
[Date "1987.??.??"]
[Round "16"]
[White "Ehlvest, Jaan"]
[Black "Miles, Anthony John"]
[Result "1-0"]
[WhiteElo "2540"]
[BlackElo "2585"]
[Annotator "Ftacnik,L"]
[PlyCount "87"]
[EventDate "1987.08.01"]
[EventType "tourn"]
[EventRounds "17"]
[EventCountry "YUG"]
[EventCategory "12"]
[SourceTitle "CBM 004"]
[Source "ChessBase"]
[SourceDate "1988.06.01"]
[SourceVersion "1"]
[SourceVersionDate "1988.06.01"]
[SourceQuality "1"]

1. d4 Nf6 2. Nf3 e6 3. c4 Bb4+ 4. Bd2 Qe7 5. g3 Nc6 6. Nc3 O-O 7. Bg2 Bxc3 8.
Bxc3 Ne4 9. Rc1 d6 10. d5 Nb8 $5 (10... Nd8) 11. dxe6 $1 fxe6 12. Qc2 $6 (12.
O-O {/\ Be1+/=}) 12... Nxc3 13. Qxc3 Nd7 14. O-O a5 15. Nd2 $14 {/^ h1-a8} Qf6
16. Qc2 (16. Qxf6 gxf6 $1 (16... Nxf6 17. c5 $16) 17. b3 Ra7 $1 {/\ b6+/=})
16... Nc5 17. b3 e5 18. Ne4 Nxe4 19. Bxe4 Bh3 (19... Bf5 20. c5 $14 {-> <->c})
20. Bxb7 $1 $8 Bxf1 21. Rxf1 Rab8 $2 (21... Ra7 $8 22. Be4 g6 23. c5 $44 {
>< Ra7}) 22. Be4 g6 23. Qd2 $16 a4 24. b4 $1 c5 25. b5 Qd8 26. Qd1 $1 $18 Kg7
27. Qxa4 Rf7 28. Qd1 Ra7 29. a4 Qb6 30. Bc2 Rf8 31. Qd2 Rf6 32. Qe3 Qa5 33. Rb1
Qb6 34. Kg2 Rf8 35. f3 Rf6 36. Qe4 Raf7 37. h4 h5 38. Qd5 Ra7 39. Kf2 Raf7 40.
Qe4 Ra7 41. Rg1 {/\ g4} Kf8 42. Qe3 Rh7 43. Qg5 Ke7 44. Qd2 $1 {/\ a5} 1-0

[Event "CZE-ch"]
[Site "Karlovy Vary"]
[Date "2004.02.25"]
[Round "9"]
[White "Hracek, Zbynek"]
[Black "Bernasek, Jan"]
[Result "1-0"]
[WhiteElo "2599"]
[BlackElo "2381"]
[Annotator "Ftacnik,L"]
[PlyCount "55"]
[EventDate "2004.02.17"]
[EventType "tourn"]
[EventRounds "11"]
[EventCountry "CZE"]
[EventCategory "11"]
[SourceTitle "CBM 100"]
[Source "ChessBase"]
[SourceDate "2004.06.01"]
[SourceVersion "1"]
[SourceVersionDate "2004.06.01"]
[SourceQuality "1"]

1. d4 Nf6 2. c4 e6 3. Nf3 Bb4+ 4. Bd2 Qe7 5. g3 Nc6 6. Nc3 Bxc3 7. Bxc3 Ne4 8.
Rc1 d6 9. d5 Nxc3 10. Rxc3 Nd8 11. Bg2 O-O 12. Nd2 e5 13. c5 dxc5 $6 {[%mdl 4]
Playable, but not very logical move since black is active on the wrong part of
the board.} (13... f5) 14. Nb3 Bf5 (14... c6 15. d6 Qe8 16. Nxc5 Bf5 17. Re3 (
17. Ra3 Ne6 18. Nxb7 Qb8 19. Na5 Qxb2 20. Rb3 Qxa2 21. Nxc6 Bc2 $19) 17... f6
18. O-O b6 19. Na6 $14) 15. Nxc5 Rc8 (15... Qd6 16. O-O b6 17. Na6 Rc8 18. Qc1
Bd7 19. Nxc7 Nb7 20. Nb5 Rxc3 21. Nxc3 $16) 16. e4 Bd7 17. O-O Bb5 18. Re1 b6 (
18... Qd6 19. Qb3 $16) 19. a4 $1 {Hracek spots the right moment for limiting
the white squared bishop of his opponent.} bxc5 (19... Be8 20. Bh3 Ra8 21. Na6
c5 22. d6 Qb7 23. Nc7 Rb8 24. a5 $16) 20. axb5 Nb7 21. Qc2 Rb8 22. Bf1 Rfc8 (
22... Qd8 23. Ra1 Ra8 24. Rca3 Qb8 25. Bd3 Rd8 26. Qc3 f6 27. b4 $16) 23. Bd3
Qd7 (23... Ra8 24. Ra1 $16) 24. Ra1 Ra8 25. Rca3 Rcb8 26. Rxa7 Rxa7 27. Rxa7 {
Bernasek has lost a pwn, but the weaknesses have remained.} Qc8 (27... Qd6 28.
Qa4 Qd8 29. Qa6 Nd6 30. Qc6 Rc8 31. b6 $18) 28. b4 $1 (28. b4 $1 cxb4 29. b6 c5
30. dxc6 b3 31. cxb7 $1 Qxc2 32. Ra8 $3 Qd1+ 33. Kg2 h5 34. Rxb8+ Kh7 35. Rd8
b2 36. b8=Q $18) 1-0